000 01300nam a22002777a 4500
999 _c20279
_d20279
005 20200104041803.0
008 180803b xxu||||| |||| 00| 0 spa d
020 _a9789588753447
040 _aCO-BoIAVH
_cCO-BoIAVH
041 _aspa
044 _ack
082 _a630.2515
_bP46i
100 _aPeñuela, Lourdes
_eeditora
245 1 _aImplementando estrategias de adaptación al cambio climático con productores ganaderos del Casanare:
_bimplementación al cambio climático, con productores ganaderos entre las cuencas de los ríos Guachiria y Ariporo en Casanare
260 _aBogotá:
_bFundación Natura,
_bFundación Horizonte Verde,
_bEcopetrol
_c2017.
300 _a242 páginas:
_bfotografías a color, tablas ;
_c28 x 21cm.
500 _aImplementando estrategias de adaptación al cambio climático con productores ganaderos del Casanare: implementación al cambio climático, con productores ganaderos entre las cuencas de los ríos Guachiria y Ariporo en Casanare.
650 2 6 _aVariabilidad climática
650 2 6 _aGanaderia
650 2 6 _aAgricultura
650 2 6 _aDesarrollo sostenible
650 2 6 _aProductividad
700 _aSegura, Gustavo
_eeditor
700 _aSolano, Clara
_eeditora
942 _2ddc
_cLIBRO